Statistics for Name the continents - Shape Quiz

Click here to take the quiz!

General Stats

  • This quiz has been taken 13 times
  • The average score is 7 of 7

Answer Stats

Answer% Correct
Africa
100%
Asia
100%
Europe
100%
North America
100%
South America
100%
Antarctica
92%
Oceania
85%

Score Distribution

Percentile by Number Answered

Percent of People with Each Score

Your Score History

You have not taken this quiz